Minderheiten in Japan - Statistiken

Allgemein
  • Dieses Quiz wurde 80 mal gespielt
  • Das Durchschnittsergebnis liegt bei 15 aus 20
Antwortstatistiken
Anzahl Herkunftsland % Korrekt
764,720 China
97%
Deutschland
97%
479,198 Südkorea
97%
57,500 Vereinigte Staaten
94%
56,346 Indonesien
91%
35,419 Indien
88%
52,323 Thailand
88%
330,835 Vietnam
88%
325,000 Philippinen
83%
60,684 Taiwan
81%
12,174 Kambodscha
80%
13,355 Frankreich
78%
16,198 Pakistan
75%
201,865 Brasilien
72%
15,476 Bangladesch
69%
26,456 Myanmar
66%
17,943 Vereinigtes Königreich
63%
88,951 Nepal
52%
48,362 Peru
36%
25,410 Sri Lanka
33%
Keine übereinstimmenden Quizze gefunden
Verteilung der Resultate
Anzahl Personen mit jedem Resultat
Perzentil nach korrekt beantworteten Fragen
Ihre Resultats-Entwicklung
Sie haben dieses Quiz noch nicht gespielt